| 000 | 05306nam a22006255i 4500 | ||
|---|---|---|---|
| 001 | 978-3-319-55255-2 | ||
| 003 | DE-He213 | ||
| 005 | 20210118123508.0 | ||
| 007 | cr nn 008mamaa | ||
| 008 | 170501s2017 gw | s |||| 0|eng d | ||
| 020 |
_a9783319552552 _9978-3-319-55255-2 |
||
| 024 | 7 |
_a10.1007/978-3-319-55255-2 _2doi |
|
| 050 | 4 | _aQC174.45-174.52 | |
| 072 | 7 |
_aPHQ _2bicssc |
|
| 072 | 7 |
_aSCI057000 _2bisacsh |
|
| 072 | 7 |
_aPHS _2thema |
|
| 082 | 0 | 4 |
_a530.14 _223 |
| 100 | 1 |
_aRaby, Stuart. _eauthor. _4aut _4http://id.loc.gov/vocabulary/relators/aut |
|
| 245 | 1 | 0 |
_aSupersymmetric Grand Unified Theories _h[electronic resource] : _bFrom Quarks to Strings via SUSY GUTs / _cby Stuart Raby. |
| 250 | _a1st ed. 2017. | ||
| 264 | 1 |
_aCham : _bSpringer International Publishing : _bImprint: Springer, _c2017. |
|
| 300 |
_aXIV, 427 p. 68 illus., 53 illus. in color. _bonline resource. |
||
| 336 |
_atext _btxt _2rdacontent |
||
| 337 |
_acomputer _bc _2rdamedia |
||
| 338 |
_aonline resource _bcr _2rdacarrier |
||
| 347 |
_atext file _bPDF _2rda |
||
| 490 | 1 |
_aLecture Notes in Physics, _x0075-8450 ; _v939 |
|
| 505 | 0 | _aThe Standard Model:background -- The Minimal Supersymmetric Standard Model (MSSM) -- Supersymmetric GUTs in 4 space-time dimensions -- SUSY GUTs meets data: LHC, fermion masses and mixing angles, dark matter -- Problems of 4 D SUSY GUTs -- SUSY GUTs in 5 or 6 dimensions : Orbifold GUTs -- SUSY breaking in extra dimensions -- Orbifold GUTs meet data -- SUSY GUTs in string theory : background -- Heterotic orbifold constructions -- Guaranteeing the MSSM, proton decay and precise gauge coupling unification -- Smooth heterotic constructions -- Type II string models and F theory – lectures -- Stabilizing moduli and SUSY breaking -- Cosmology -- Conclusions and Outlook. | |
| 520 | _aThese course-tested lectures provide a technical introduction to Supersymmetric Grand Unified Theories (SUSY GUTs), as well as a personal view on the topic by one of the pioneers in the field. While the Standard Model of Particle Physics is incredibly successful in describing the known universe it is, nevertheless, an incomplete theory with many free parameters and open issues. An elegant solution to all of these quandaries is the proposed theory of SUSY GUTs. In a GUT, quarks and leptons are related in a simple way by the unifying symmetry and their electric charges are quantized, further the relative strength of the strong, weak and electromagnetic forces are predicted. SUSY GUTs additionally provide a framework for understanding particle masses and offer candidates for dark matter. Finally, with the extension of SUSY GUTs to string theory, a quantum-mechanically consistent unification of the four known forces (including gravity) is obtained. The book is organized in three sections: the first section contains a brief introduction to the Standard Model, supersymmetry and the Minimal Supersymmetric Standard Model. Then SUSY GUTs in four space-time dimensions are introduced and reviewed. In addition, the cosmological issues concerning SUSY GUTs are discussed. Then the requirements for embedding a 4D SUSY GUT into higher-dimensional theories including gravity (i.e. String Theory) are investigated. Accordingly, section two of the course is devoted to discussing the so-called Orbifold GUTs and how in turn they solve some of the technical problems of 4D SUSY GUTs. Orbifold GUTs introduce a new set of open issues, which are then resolved in the third section in which it is shown how to embed Orbifold GUTs into the E(8) x E(8) Heterotic String in 10 space-time dimensions. | ||
| 650 | 0 | _aQuantum field theory. | |
| 650 | 0 | _aString theory. | |
| 650 | 0 | _aElementary particles (Physics). | |
| 650 | 0 | _aMathematical physics. | |
| 650 | 0 | _aPhysics. | |
| 650 | 1 | 4 |
_aQuantum Field Theories, String Theory. _0http://scigraph.springernature.com/things/product-market-codes/P19048 |
| 650 | 2 | 4 |
_aElementary Particles, Quantum Field Theory. _0http://scigraph.springernature.com/things/product-market-codes/P23029 |
| 650 | 2 | 4 |
_aMathematical Applications in the Physical Sciences. _0http://scigraph.springernature.com/things/product-market-codes/M13120 |
| 650 | 2 | 4 |
_aMathematical Methods in Physics. _0http://scigraph.springernature.com/things/product-market-codes/P19013 |
| 710 | 2 | _aSpringerLink (Online service) | |
| 773 | 0 | _tSpringer eBooks | |
| 776 | 0 | 8 |
_iPrinted edition: _z9783319552538 |
| 776 | 0 | 8 |
_iPrinted edition: _z9783319552545 |
| 830 | 0 |
_aLecture Notes in Physics, _x0075-8450 ; _v939 |
|
| 856 | 4 | 0 | _uhttps://doi.org/10.1007/978-3-319-55255-2 |
| 912 | _aZDB-2-PHA | ||
| 912 | _aZDB-2-LNP | ||
| 999 |
_c446127 _d446127 |
||
| 942 | _cEB | ||
| 506 | _aAvailable to subscribing member institutions only. Доступно лише організаціям членам підписки. | ||
| 506 | _fOnline access from local network of NaUOA. | ||
| 506 | _fOnline access with authorization at https://link.springer.com/ | ||
| 506 | _fОнлайн-доступ з локальної мережі НаУОА. | ||
| 506 | _fОнлайн доступ з авторизацією на https://link.springer.com/ | ||